Statistiken für Umrisse der Länder

Klicken Sie hier um das Quiz zu spielen!

Allgemein

  • Dieses Quiz wurde 908 mal gespielt
  • Das Durchschnittsergebnis liegt bei 98 aus 196

Antwortstatistiken

Antwort% Korrekt
Vereinigte Staaten von Amerika
92%
Frankreich
91%
Japan
86%
Griechenland
85%
Deutschland
82%
Norwegen
82%
Schweden
82%
Chile
81%
Island
81%
Russland
80%
Italien
79%
Kanada
79%
Vietnam
79%
Indien
78%
Portugal
76%
Ägypten
75%
Marokko
75%
Mexiko
73%
Thailand
72%
Indonesien
71%
Kroatien
71%
Spanien
71%
Australien
70%
Mali
70%
Mongolei
70%
Namibia
70%
Österreich
70%
Panama
70%
Somalia
70%
Gambia
69%
Monaco
69%
Niederlande
69%
Ukraine
69%
Vereinigtes Königreich
69%
Südafrika
68%
Zypern
68%
Dänemark
67%
Finnland
67%
Kuba
67%
Laos
67%
Papua-Neuguinea
67%
Senegal
67%
China
66%
Neuseeland
66%
Sri Lanka
66%
Benin
64%
Irland
64%
Myanmar
64%
Schweiz
64%
Vatikanstadt
64%
Argentinien
63%
Libyen
63%
Mauretanien
63%
Oman
63%
Philippinen
63%
Brasilien
62%
Israel
62%
Nepal
62%
Polen
62%
Türkei
62%
Kasachstan
61%
Madagaskar
61%
Vereinigte Arabische Emirate
61%
Malaysia
60%
Algerien
59%
Kosovo
59%
Estland
57%
Taiwan
57%
Bosnien und Herzegowina
56%
Kamerun
56%
Rumänien
56%
Demokratische Republik Kongo
55%
Iran
55%
Jemen
55%
Sambia
55%
Äthiopien
54%
Bangladesch
54%
Haiti
54%
Peru
54%
Usbekistan
54%
Afghanistan
53%
Sudan
53%
Eritrea
52%
Lettland
52%
Mosambik
52%
Pakistan
52%
Syrien
52%
Malediven
51%
Nicaragua
51%
Saudi-Arabien
51%
Serbien
51%
Tschad
51%
Venezuela
51%
Albanien
50%
Angola
50%
Äquatorial-Guinea
50%
Slowakei
50%
Tschechien
50%
Ungarn
50%
Moldawien
49%
Niger
49%
Südkorea
49%
Trinidad und Tobago
49%
Gabun
48%
Jordanien
48%
Luxemburg
48%
Mikronesien
48%
Kirgisistan
47%
Malawi
47%
Malta
46%
Tadschikistan
46%
Tunesien
46%
Turkmenistan
46%
Bahamas
45%
Kolumbien
45%
Liechtenstein
45%
Aserbaidschan
44%
Costa Rica
44%
Ghana
44%
Togo
44%
Belgien
43%
Bulgarien
43%
Elfenbeinküste
43%
Irak
43%
Nauru
43%
Republik Kongo
42%
Singapur
42%
Weissrussland
42%
Guinea
41%
Guyana
41%
Nordkorea
41%
Nordmazedonien
41%
Osttimor
41%
Slowenien
41%
Georgien
40%
Kuwait
40%
Tansania
40%
Burkina Faso
39%
Guinea-Bissau
39%
St. Kitts und Nevis
39%
Belize
38%
Fidschi
37%
Salomonen
37%
Armenien
36%
Ecuador
36%
Guatemala
36%
Liberia
36%
Nigeria
36%
Kenia
35%
Litauen
35%
Südsudan
35%
Antigua und Barbuda
34%
Kiribati
34%
Paraguay
34%
St. Vincent und die Grenadinen
34%
Dschibuti
33%
Bolivien
32%
Jamaika
32%
Kap Verde
32%
Montenegro
32%
Simbabwe
32%
Zentralafrikanische Republik
32%
Botswana
31%
São Tomé und Príncipe
31%
Sierra Leone
31%
Vanuatu
31%
Katar
30%
Tuvalu
30%
Brunei
29%
Burundi
29%
Dominikanische Republik
29%
Honduras
29%
Libanon
29%
Marshallinseln
29%
Palau
29%
Eswatini
28%
Kambodscha
28%
El Salvador
27%
Uganda
27%
Bahrain
26%
Grenada
26%
Barbados
25%
San Marino
25%
Uruguay
25%
Dominica
24%
Samoa
24%
Seychellen
24%
St. Lucia
24%
Bhutan
23%
Komoren
23%
Mauritius
23%
Lesotho
21%
Ruanda
21%
Suriname
21%
Tonga
21%
Andorra
19%

Verteilung der Resultate

Perzentil nach korrekt beantworteten Fragen

Anzahl Personen mit jedem Resultat

Ihre Resultats-Entwicklung

Sie haben dieses Quiz noch nicht gespielt